<?xml version="1.0" encoding="UTF-8"?>
<collection xmlns="http://www.loc.gov/MARC21/slim">
 <record>
  <leader>12472nas a22013211  4500</leader>
  <controlfield tag="001">1/50470</controlfield>
  <controlfield tag="008">071211c19649999nyumr1p       0   a0eng d</controlfield>
  <datafield tag="022" ind1=" " ind2=" ">
   <subfield code="a">0018-9235</subfield>
  </datafield>
  <datafield tag="035" ind1=" " ind2=" ">
   <subfield code="l">36520</subfield>
  </datafield>
  <datafield tag="040" ind1=" " ind2=" ">
   <subfield code="a">DLC</subfield>
   <subfield code="b">GR-PeUP</subfield>
  </datafield>
  <datafield tag="090" ind1=" " ind2=" ">
   <subfield code="a">Αλφαβητική σειρά</subfield>
  </datafield>
  <datafield tag="245" ind1="0" ind2="0">
   <subfield code="a">IEEE spectrum</subfield>
  </datafield>
  <datafield tag="260" ind1=" " ind2=" ">
   <subfield code="a">[New York] :</subfield>
   <subfield code="b">Institute of Electrical and Electronics Engineers,</subfield>
   <subfield code="c">1964-</subfield>
  </datafield>
  <datafield tag="300" ind1=" " ind2=" ">
   <subfield code="a">v. :</subfield>
   <subfield code="b">ill. ;</subfield>
   <subfield code="c">28 cm.</subfield>
  </datafield>
  <datafield tag="310" ind1=" " ind2=" ">
   <subfield code="a">Monthly</subfield>
  </datafield>
  <datafield tag="362" ind1="0" ind2=" ">
   <subfield code="a">Vol.1, no.1(Feb. 1993) - v.8, no.4(Aug. 2000)</subfield>
  </datafield>
  <datafield tag="362" ind1="0" ind2=" ">
   <subfield code="a">Vol.10, no.2(Apr. 2002) - v.15, no.4(Aug. 2007)</subfield>
  </datafield>
  <datafield tag="546" ind1=" " ind2=" ">
   <subfield code="a">English</subfield>
  </datafield>
  <datafield tag="650" ind1=" " ind2="4">
   <subfield code="a">Electric engineering</subfield>
   <subfield code="v">Periodicals.</subfield>
  </datafield>
  <datafield tag="650" ind1=" " ind2="4">
   <subfield code="a">Electronics</subfield>
   <subfield code="v">Periodicals.</subfield>
  </datafield>
  <datafield tag="710" ind1="2" ind2=" ">
   <subfield code="a">Institute of Electrical and Electronics Engineers.</subfield>
  </datafield>
  <datafield tag="852" ind1=" " ind2=" ">
   <subfield code="a">INST</subfield>
   <subfield code="b">UNIPILB</subfield>
   <subfield code="c">SERIALS</subfield>
   <subfield code="e">20071211</subfield>
   <subfield code="h">Αλφαβητική σειρά</subfield>
   <subfield code="p">58842</subfield>
   <subfield code="q">58842</subfield>
   <subfield code="t">NOLOAN</subfield>
   <subfield code="v">vol.40;no.4:(Μήνας)April;(Έτος)2003</subfield>
   <subfield code="y">23</subfield>
  </datafield>
  <datafield tag="852" ind1=" " ind2=" ">
   <subfield code="a">INST</subfield>
   <subfield code="b">UNIPILB</subfield>
   <subfield code="c">SERIALS</subfield>
   <subfield code="e">20071211</subfield>
   <subfield code="h">Αλφαβητική σειρά</subfield>
   <subfield code="p">58843</subfield>
   <subfield code="q">58843</subfield>
   <subfield code="t">NOLOAN</subfield>
   <subfield code="v">vol.40;no.5:(Μήνας)May;(Έτος)2003</subfield>
   <subfield code="y">23</subfield>
  </datafield>
  <datafield tag="852" ind1=" " ind2=" ">
   <subfield code="a">INST</subfield>
   <subfield code="b">UNIPILB</subfield>
   <subfield code="c">SERIALS</subfield>
   <subfield code="e">20071211</subfield>
   <subfield code="h">Αλφαβητική σειρά</subfield>
   <subfield code="p">58844</subfield>
   <subfield code="q">58844</subfield>
   <subfield code="t">NOLOAN</subfield>
   <subfield code="v">vol.40;no.7:(Μήνας)July;(Έτος)2003</subfield>
   <subfield code="y">23</subfield>
  </datafield>
  <datafield tag="852" ind1=" " ind2=" ">
   <subfield code="a">INST</subfield>
   <subfield code="b">UNIPILB</subfield>
   <subfield code="c">SERIALS</subfield>
   <subfield code="e">20071211</subfield>
   <subfield code="h">Αλφαβητική σειρά</subfield>
   <subfield code="p">58845</subfield>
   <subfield code="q">58845</subfield>
   <subfield code="t">NOLOAN</subfield>
   <subfield code="v">vol.40;no.11:(Μήνας)November;(Έτος)2003</subfield>
   <subfield code="y">23</subfield>
  </datafield>
  <datafield tag="852" ind1=" " ind2=" ">
   <subfield code="a">INST</subfield>
   <subfield code="b">UNIPILB</subfield>
   <subfield code="c">SERIALS</subfield>
   <subfield code="e">20071211</subfield>
   <subfield code="h">Αλφαβητική σειρά</subfield>
   <subfield code="p">58846</subfield>
   <subfield code="q">58846</subfield>
   <subfield code="t">NOLOAN</subfield>
   <subfield code="v">vol.41;no.4:(Μήνας)April;(Έτος)2004</subfield>
   <subfield code="y">23</subfield>
  </datafield>
  <datafield tag="852" ind1=" " ind2=" ">
   <subfield code="a">INST</subfield>
   <subfield code="b">UNIPILB</subfield>
   <subfield code="c">SERIALS</subfield>
   <subfield code="e">20071211</subfield>
   <subfield code="h">Αλφαβητική σειρά</subfield>
   <subfield code="p">58847</subfield>
   <subfield code="q">58847</subfield>
   <subfield code="t">NOLOAN</subfield>
   <subfield code="v">vol.41;no.5:(Μήνας)May;(Έτος)2004</subfield>
   <subfield code="y">23</subfield>
  </datafield>
  <datafield tag="852" ind1=" " ind2=" ">
   <subfield code="a">INST</subfield>
   <subfield code="b">UNIPILB</subfield>
   <subfield code="c">SERIALS</subfield>
   <subfield code="e">20071211</subfield>
   <subfield code="h">Αλφαβητική σειρά</subfield>
   <subfield code="p">58848</subfield>
   <subfield code="q">58848</subfield>
   <subfield code="t">NOLOAN</subfield>
   <subfield code="v">vol.41;no.6:(Μήνας)June;(Έτος)2004</subfield>
   <subfield code="y">23</subfield>
  </datafield>
  <datafield tag="852" ind1=" " ind2=" ">
   <subfield code="a">INST</subfield>
   <subfield code="b">UNIPILB</subfield>
   <subfield code="c">SERIALS</subfield>
   <subfield code="e">20071211</subfield>
   <subfield code="h">Αλφαβητική σειρά</subfield>
   <subfield code="p">58849</subfield>
   <subfield code="q">58849</subfield>
   <subfield code="t">NOLOAN</subfield>
   <subfield code="v">vol.41;no.8:(Μήνας)August;(Έτος)2004</subfield>
   <subfield code="y">23</subfield>
  </datafield>
  <datafield tag="852" ind1=" " ind2=" ">
   <subfield code="a">INST</subfield>
   <subfield code="b">UNIPILB</subfield>
   <subfield code="c">SERIALS</subfield>
   <subfield code="e">20071211</subfield>
   <subfield code="h">Αλφαβητική σειρά</subfield>
   <subfield code="p">58850</subfield>
   <subfield code="q">58850</subfield>
   <subfield code="t">NOLOAN</subfield>
   <subfield code="v">vol.41;no.9:(Μήνας)September;(Έτος)2004</subfield>
   <subfield code="y">23</subfield>
  </datafield>
  <datafield tag="852" ind1=" " ind2=" ">
   <subfield code="a">INST</subfield>
   <subfield code="b">UNIPILB</subfield>
   <subfield code="c">SERIALS</subfield>
   <subfield code="e">20071211</subfield>
   <subfield code="h">Αλφαβητική σειρά</subfield>
   <subfield code="p">58851</subfield>
   <subfield code="q">58851</subfield>
   <subfield code="t">NOLOAN</subfield>
   <subfield code="v">vol.41;no.10:(Μήνας)October;(Έτος)2004</subfield>
   <subfield code="y">23</subfield>
  </datafield>
  <datafield tag="852" ind1=" " ind2=" ">
   <subfield code="a">INST</subfield>
   <subfield code="b">UNIPILB</subfield>
   <subfield code="c">SERIALS</subfield>
   <subfield code="e">20071211</subfield>
   <subfield code="h">Αλφαβητική σειρά</subfield>
   <subfield code="p">58852</subfield>
   <subfield code="q">58852</subfield>
   <subfield code="t">NOLOAN</subfield>
   <subfield code="v">vol.41;no.11:(Μήνας)November;(Έτος)2004</subfield>
   <subfield code="y">23</subfield>
  </datafield>
  <datafield tag="852" ind1=" " ind2=" ">
   <subfield code="a">INST</subfield>
   <subfield code="b">UNIPILB</subfield>
   <subfield code="c">SERIALS</subfield>
   <subfield code="e">20071211</subfield>
   <subfield code="h">Αλφαβητική σειρά</subfield>
   <subfield code="p">58853</subfield>
   <subfield code="q">58853</subfield>
   <subfield code="t">NOLOAN</subfield>
   <subfield code="v">vol.41;no.12:(Μήνας)December;(Έτος)2004</subfield>
   <subfield code="y">23</subfield>
  </datafield>
  <datafield tag="852" ind1=" " ind2=" ">
   <subfield code="a">INST</subfield>
   <subfield code="b">UNIPILB</subfield>
   <subfield code="c">SERIALS</subfield>
   <subfield code="e">20071211</subfield>
   <subfield code="h">Αλφαβητική σειρά</subfield>
   <subfield code="p">58854</subfield>
   <subfield code="q">58854</subfield>
   <subfield code="t">NOLOAN</subfield>
   <subfield code="v">vol.42;no.1:(Μήνας)January;(Έτος)2005</subfield>
   <subfield code="y">23</subfield>
  </datafield>
  <datafield tag="852" ind1=" " ind2=" ">
   <subfield code="a">INST</subfield>
   <subfield code="b">UNIPILB</subfield>
   <subfield code="c">SERIALS</subfield>
   <subfield code="e">20071211</subfield>
   <subfield code="h">Αλφαβητική σειρά</subfield>
   <subfield code="p">58855</subfield>
   <subfield code="q">58855</subfield>
   <subfield code="t">NOLOAN</subfield>
   <subfield code="v">vol.42;no.2:(Μήνας)February;(Έτος)2005</subfield>
   <subfield code="y">23</subfield>
  </datafield>
  <datafield tag="852" ind1=" " ind2=" ">
   <subfield code="a">INST</subfield>
   <subfield code="b">UNIPILB</subfield>
   <subfield code="c">SERIALS</subfield>
   <subfield code="e">20071211</subfield>
   <subfield code="h">Αλφαβητική σειρά</subfield>
   <subfield code="p">58856</subfield>
   <subfield code="q">58856</subfield>
   <subfield code="t">NOLOAN</subfield>
   <subfield code="v">vol.42;no.3:(Μήνας)March;(Έτος)2005</subfield>
   <subfield code="y">23</subfield>
  </datafield>
  <datafield tag="852" ind1=" " ind2=" ">
   <subfield code="a">INST</subfield>
   <subfield code="b">UNIPILB</subfield>
   <subfield code="c">SERIALS</subfield>
   <subfield code="e">20071211</subfield>
   <subfield code="h">Αλφαβητική σειρά</subfield>
   <subfield code="p">58857</subfield>
   <subfield code="q">58857</subfield>
   <subfield code="t">NOLOAN</subfield>
   <subfield code="v">vol.42;no.4:(Μήνας)April;(Έτος)2005</subfield>
   <subfield code="y">23</subfield>
  </datafield>
  <datafield tag="852" ind1=" " ind2=" ">
   <subfield code="a">INST</subfield>
   <subfield code="b">UNIPILB</subfield>
   <subfield code="c">SERIALS</subfield>
   <subfield code="e">20071211</subfield>
   <subfield code="h">Αλφαβητική σειρά</subfield>
   <subfield code="p">58858</subfield>
   <subfield code="q">58858</subfield>
   <subfield code="t">NOLOAN</subfield>
   <subfield code="v">vol.42;no.5:(Μήνας)May;(Έτος)2005</subfield>
   <subfield code="y">23</subfield>
  </datafield>
  <datafield tag="852" ind1=" " ind2=" ">
   <subfield code="a">INST</subfield>
   <subfield code="b">UNIPILB</subfield>
   <subfield code="c">SERIALS</subfield>
   <subfield code="e">20071211</subfield>
   <subfield code="h">Αλφαβητική σειρά</subfield>
   <subfield code="p">58859</subfield>
   <subfield code="q">58859</subfield>
   <subfield code="t">NOLOAN</subfield>
   <subfield code="v">vol.42;no.7:(Μήνας)July;(Έτος)2005</subfield>
   <subfield code="y">23</subfield>
  </datafield>
  <datafield tag="852" ind1=" " ind2=" ">
   <subfield code="a">INST</subfield>
   <subfield code="b">UNIPILB</subfield>
   <subfield code="c">SERIALS</subfield>
   <subfield code="e">20071211</subfield>
   <subfield code="h">Αλφαβητική σειρά</subfield>
   <subfield code="p">58860</subfield>
   <subfield code="q">58860</subfield>
   <subfield code="t">NOLOAN</subfield>
   <subfield code="v">vol.42;no.8:(Μήνας)August;(Έτος)2005</subfield>
   <subfield code="y">23</subfield>
  </datafield>
  <datafield tag="852" ind1=" " ind2=" ">
   <subfield code="a">INST</subfield>
   <subfield code="b">UNIPILB</subfield>
   <subfield code="c">SERIALS</subfield>
   <subfield code="e">20071211</subfield>
   <subfield code="h">Αλφαβητική σειρά</subfield>
   <subfield code="p">58861</subfield>
   <subfield code="q">58861</subfield>
   <subfield code="t">NOLOAN</subfield>
   <subfield code="v">vol.42;no.10:(Μήνας)October;(Έτος)2005</subfield>
   <subfield code="y">23</subfield>
  </datafield>
  <datafield tag="852" ind1=" " ind2=" ">
   <subfield code="a">INST</subfield>
   <subfield code="b">UNIPILB</subfield>
   <subfield code="c">SERIALS</subfield>
   <subfield code="e">20071211</subfield>
   <subfield code="h">Αλφαβητική σειρά</subfield>
   <subfield code="p">58862</subfield>
   <subfield code="q">58862</subfield>
   <subfield code="t">NOLOAN</subfield>
   <subfield code="v">vol.42;no.12:(Μήνας)December;(Έτος)2005</subfield>
   <subfield code="y">23</subfield>
  </datafield>
  <datafield tag="852" ind1=" " ind2=" ">
   <subfield code="a">INST</subfield>
   <subfield code="b">UNIPILB</subfield>
   <subfield code="c">SERIALS</subfield>
   <subfield code="e">20071211</subfield>
   <subfield code="h">Αλφαβητική σειρά</subfield>
   <subfield code="p">58863</subfield>
   <subfield code="q">58863</subfield>
   <subfield code="t">NOLOAN</subfield>
   <subfield code="v">vol.43;no.5:(Μήνας)May;(Έτος)2006</subfield>
   <subfield code="y">23</subfield>
  </datafield>
  <datafield tag="852" ind1=" " ind2=" ">
   <subfield code="a">INST</subfield>
   <subfield code="b">UNIPILB</subfield>
   <subfield code="c">SERIALS</subfield>
   <subfield code="e">20071211</subfield>
   <subfield code="h">Αλφαβητική σειρά</subfield>
   <subfield code="p">58864</subfield>
   <subfield code="q">58864</subfield>
   <subfield code="t">NOLOAN</subfield>
   <subfield code="v">vol.43;no.7:(Μήνας)July;(Έτος)2006</subfield>
   <subfield code="y">23</subfield>
  </datafield>
  <datafield tag="852" ind1=" " ind2=" ">
   <subfield code="a">INST</subfield>
   <subfield code="b">UNIPILB</subfield>
   <subfield code="c">SERIALS</subfield>
   <subfield code="e">20071211</subfield>
   <subfield code="h">Αλφαβητική σειρά</subfield>
   <subfield code="p">58865</subfield>
   <subfield code="q">58865</subfield>
   <subfield code="t">NOLOAN</subfield>
   <subfield code="v">vol.43;no.8:(Μήνας)August;(Έτος)2006</subfield>
   <subfield code="y">23</subfield>
  </datafield>
  <datafield tag="852" ind1=" " ind2=" ">
   <subfield code="a">INST</subfield>
   <subfield code="b">UNIPILB</subfield>
   <subfield code="c">SERIALS</subfield>
   <subfield code="e">20071211</subfield>
   <subfield code="h">Αλφαβητική σειρά</subfield>
   <subfield code="p">58866</subfield>
   <subfield code="q">58866</subfield>
   <subfield code="t">NOLOAN</subfield>
   <subfield code="v">vol.43;no.9:(Μήνας)September;(Έτος)2006</subfield>
   <subfield code="y">23</subfield>
  </datafield>
  <datafield tag="852" ind1=" " ind2=" ">
   <subfield code="a">INST</subfield>
   <subfield code="b">UNIPILB</subfield>
   <subfield code="c">SERIALS</subfield>
   <subfield code="e">20071211</subfield>
   <subfield code="h">Αλφαβητική σειρά</subfield>
   <subfield code="p">58867</subfield>
   <subfield code="q">58867</subfield>
   <subfield code="t">NOLOAN</subfield>
   <subfield code="v">vol.43;no.10:(Μήνας)October;(Έτος)2006</subfield>
   <subfield code="y">23</subfield>
  </datafield>
  <datafield tag="852" ind1=" " ind2=" ">
   <subfield code="a">INST</subfield>
   <subfield code="b">UNIPILB</subfield>
   <subfield code="c">SERIALS</subfield>
   <subfield code="e">20071211</subfield>
   <subfield code="h">Αλφαβητική σειρά</subfield>
   <subfield code="p">58868</subfield>
   <subfield code="q">58868</subfield>
   <subfield code="t">NOLOAN</subfield>
   <subfield code="v">vol.43;no.11:(Μήνας)November;(Έτος)2006</subfield>
   <subfield code="y">23</subfield>
  </datafield>
  <datafield tag="852" ind1=" " ind2=" ">
   <subfield code="a">INST</subfield>
   <subfield code="b">UNIPILB</subfield>
   <subfield code="c">SERIALS</subfield>
   <subfield code="e">20071211</subfield>
   <subfield code="h">Αλφαβητική σειρά</subfield>
   <subfield code="p">58869</subfield>
   <subfield code="q">58869</subfield>
   <subfield code="t">NOLOAN</subfield>
   <subfield code="v">vol.44;no.4:(Μήνας)April;(Έτος)2007</subfield>
   <subfield code="y">23</subfield>
  </datafield>
  <datafield tag="852" ind1=" " ind2=" ">
   <subfield code="a">INST</subfield>
   <subfield code="b">UNIPILB</subfield>
   <subfield code="c">SERIALS</subfield>
   <subfield code="e">20071211</subfield>
   <subfield code="h">Αλφαβητική σειρά</subfield>
   <subfield code="p">58870</subfield>
   <subfield code="q">58870</subfield>
   <subfield code="t">NOLOAN</subfield>
   <subfield code="v">vol.44;no.5:(Μήνας)May;(Έτος)2007</subfield>
   <subfield code="y">23</subfield>
  </datafield>
  <datafield tag="852" ind1=" " ind2=" ">
   <subfield code="a">INST</subfield>
   <subfield code="b">UNIPILB</subfield>
   <subfield code="c">SERIALS</subfield>
   <subfield code="e">20071211</subfield>
   <subfield code="h">Αλφαβητική σειρά</subfield>
   <subfield code="p">58871</subfield>
   <subfield code="q">58871</subfield>
   <subfield code="t">NOLOAN</subfield>
   <subfield code="v">vol.44;no.6:(Μήνας)June;(Έτος)2007</subfield>
   <subfield code="y">23</subfield>
  </datafield>
  <datafield tag="852" ind1=" " ind2=" ">
   <subfield code="a">INST</subfield>
   <subfield code="b">UNIPILB</subfield>
   <subfield code="c">SERIALS</subfield>
   <subfield code="e">20071211</subfield>
   <subfield code="h">Αλφαβητική σειρά</subfield>
   <subfield code="p">58872</subfield>
   <subfield code="q">58872</subfield>
   <subfield code="t">NOLOAN</subfield>
   <subfield code="v">vol.44;no.8:(Μήνας)August;(Έτος)2007</subfield>
   <subfield code="y">23</subfield>
  </datafield>
  <datafield tag="852" ind1=" " ind2=" ">
   <subfield code="a">INST</subfield>
   <subfield code="b">UNIPILB</subfield>
   <subfield code="c">SERIALS</subfield>
   <subfield code="e">20071211</subfield>
   <subfield code="h">Αλφαβητική σειρά</subfield>
   <subfield code="p">58873</subfield>
   <subfield code="q">58873</subfield>
   <subfield code="t">NOLOAN</subfield>
   <subfield code="v">vol.38;no.10:(Μήνας)Oct.;(Έτος)2001</subfield>
   <subfield code="y">23</subfield>
  </datafield>
  <datafield tag="852" ind1=" " ind2=" ">
   <subfield code="a">INST</subfield>
   <subfield code="b">UNIPILB</subfield>
   <subfield code="c">SERIALS</subfield>
   <subfield code="e">20071211</subfield>
   <subfield code="h">Αλφαβητική σειρά</subfield>
   <subfield code="p">58874</subfield>
   <subfield code="q">58874</subfield>
   <subfield code="t">NOLOAN</subfield>
   <subfield code="v">vol.39;no.12:(Μήνας)Dec.;(Έτος)2002</subfield>
   <subfield code="y">23</subfield>
  </datafield>
  <datafield tag="852" ind1=" " ind2=" ">
   <subfield code="a">INST</subfield>
   <subfield code="b">UNIPILB</subfield>
   <subfield code="c">SERIALS</subfield>
   <subfield code="e">20120217</subfield>
   <subfield code="h">Αλφαβητική σειρά</subfield>
   <subfield code="p">74538</subfield>
   <subfield code="q">74538</subfield>
   <subfield code="t">NOLOAN</subfield>
   <subfield code="v">vol.45;no.1:(Μήνας)January;(Έτος)2008</subfield>
   <subfield code="y">23</subfield>
  </datafield>
  <datafield tag="852" ind1=" " ind2=" ">
   <subfield code="a">INST</subfield>
   <subfield code="b">UNIPILB</subfield>
   <subfield code="c">SERIALS</subfield>
   <subfield code="e">20120217</subfield>
   <subfield code="h">Αλφαβητική σειρά</subfield>
   <subfield code="p">74539</subfield>
   <subfield code="q">74539</subfield>
   <subfield code="t">NOLOAN</subfield>
   <subfield code="v">vol.45;no.2:(Μήνας)February;(Έτος)2008</subfield>
   <subfield code="y">23</subfield>
  </datafield>
  <datafield tag="852" ind1=" " ind2=" ">
   <subfield code="a">INST</subfield>
   <subfield code="b">UNIPILB</subfield>
   <subfield code="c">SERIALS</subfield>
   <subfield code="e">20120217</subfield>
   <subfield code="h">Αλφαβητική σειρά</subfield>
   <subfield code="p">74540</subfield>
   <subfield code="q">74540</subfield>
   <subfield code="t">NOLOAN</subfield>
   <subfield code="v">vol.45;no.3:(Μήνας)March;(Έτος)2008</subfield>
   <subfield code="y">23</subfield>
  </datafield>
  <datafield tag="852" ind1=" " ind2=" ">
   <subfield code="a">INST</subfield>
   <subfield code="b">UNIPILB</subfield>
   <subfield code="c">SERIALS</subfield>
   <subfield code="e">20120217</subfield>
   <subfield code="h">Αλφαβητική σειρά</subfield>
   <subfield code="p">74541</subfield>
   <subfield code="q">74541</subfield>
   <subfield code="t">NOLOAN</subfield>
   <subfield code="v">vol.45;no.4:(Μήνας)April;(Έτος)2008</subfield>
   <subfield code="y">23</subfield>
  </datafield>
  <datafield tag="852" ind1=" " ind2=" ">
   <subfield code="a">INST</subfield>
   <subfield code="b">UNIPILB</subfield>
   <subfield code="c">SERIALS</subfield>
   <subfield code="e">20120217</subfield>
   <subfield code="h">Αλφαβητική σειρά</subfield>
   <subfield code="p">74542</subfield>
   <subfield code="q">74542</subfield>
   <subfield code="t">NOLOAN</subfield>
   <subfield code="v">vol.45;no.5:(Μήνας)May;(Έτος)2008</subfield>
   <subfield code="y">23</subfield>
  </datafield>
  <datafield tag="852" ind1=" " ind2=" ">
   <subfield code="a">INST</subfield>
   <subfield code="b">UNIPILB</subfield>
   <subfield code="c">SERIALS</subfield>
   <subfield code="e">20120217</subfield>
   <subfield code="h">Αλφαβητική σειρά</subfield>
   <subfield code="p">74543</subfield>
   <subfield code="q">74543</subfield>
   <subfield code="t">NOLOAN</subfield>
   <subfield code="v">vol.45;no.6:(Μήνας)June;(Έτος)2008</subfield>
   <subfield code="y">23</subfield>
  </datafield>
  <datafield tag="852" ind1=" " ind2=" ">
   <subfield code="a">INST</subfield>
   <subfield code="b">UNIPILB</subfield>
   <subfield code="c">SERIALS</subfield>
   <subfield code="e">20120217</subfield>
   <subfield code="h">Αλφαβητική σειρά</subfield>
   <subfield code="p">74544</subfield>
   <subfield code="q">74544</subfield>
   <subfield code="t">NOLOAN</subfield>
   <subfield code="v">vol.44;no.3:(Μήνας)March;(Έτος)2007</subfield>
   <subfield code="y">23</subfield>
  </datafield>
  <datafield tag="852" ind1=" " ind2=" ">
   <subfield code="a">INST</subfield>
   <subfield code="b">UNIPILB</subfield>
   <subfield code="c">SERIALS</subfield>
   <subfield code="e">20120217</subfield>
   <subfield code="h">Αλφαβητική σειρά</subfield>
   <subfield code="p">74545</subfield>
   <subfield code="q">74545</subfield>
   <subfield code="t">NOLOAN</subfield>
   <subfield code="v">vol.44;no.7:(Μήνας)July;(Έτος)2007</subfield>
   <subfield code="y">23</subfield>
  </datafield>
  <datafield tag="852" ind1=" " ind2=" ">
   <subfield code="a">INST</subfield>
   <subfield code="b">UNIPILB</subfield>
   <subfield code="c">SERIALS</subfield>
   <subfield code="e">20120217</subfield>
   <subfield code="h">Αλφαβητική σειρά</subfield>
   <subfield code="p">74546</subfield>
   <subfield code="q">74546</subfield>
   <subfield code="t">NOLOAN</subfield>
   <subfield code="v">vol.44;no.9:(Μήνας)September;(Έτος)2007</subfield>
   <subfield code="y">23</subfield>
  </datafield>
  <datafield tag="852" ind1=" " ind2=" ">
   <subfield code="a">INST</subfield>
   <subfield code="b">UNIPILB</subfield>
   <subfield code="c">SERIALS</subfield>
   <subfield code="e">20120217</subfield>
   <subfield code="h">Αλφαβητική σειρά</subfield>
   <subfield code="p">74547</subfield>
   <subfield code="q">74547</subfield>
   <subfield code="t">NOLOAN</subfield>
   <subfield code="v">vol.44;no.10:(Μήνας)October;(Έτος)2007</subfield>
   <subfield code="y">23</subfield>
  </datafield>
  <datafield tag="852" ind1=" " ind2=" ">
   <subfield code="a">INST</subfield>
   <subfield code="b">UNIPILB</subfield>
   <subfield code="c">SERIALS</subfield>
   <subfield code="e">20120217</subfield>
   <subfield code="h">Αλφαβητική σειρά</subfield>
   <subfield code="p">74548</subfield>
   <subfield code="q">74548</subfield>
   <subfield code="t">NOLOAN</subfield>
   <subfield code="v">vol.44;no.11:(Μήνας)November;(Έτος)2007</subfield>
   <subfield code="y">23</subfield>
  </datafield>
  <datafield tag="852" ind1=" " ind2=" ">
   <subfield code="a">INST</subfield>
   <subfield code="b">UNIPILB</subfield>
   <subfield code="c">SERIALS</subfield>
   <subfield code="e">20120217</subfield>
   <subfield code="h">Αλφαβητική σειρά</subfield>
   <subfield code="p">74550</subfield>
   <subfield code="q">74550</subfield>
   <subfield code="t">NOLOAN</subfield>
   <subfield code="v">vol.35-43;no.1-12:(Μήνες)January-December;(Έτη)1998-2006</subfield>
   <subfield code="y">23</subfield>
  </datafield>
  <datafield tag="852" ind1=" " ind2=" ">
   <subfield code="a">INST</subfield>
   <subfield code="b">UNIPILB</subfield>
   <subfield code="c">SERIALS</subfield>
   <subfield code="e">20120217</subfield>
   <subfield code="h">Αλφαβητική σειρά</subfield>
   <subfield code="p">74551</subfield>
   <subfield code="q">74551</subfield>
   <subfield code="t">NOLOAN</subfield>
   <subfield code="v">vol.44;no.1-2:(Μήνες)January-February;(Έτος)2007</subfield>
   <subfield code="y">23</subfield>
  </datafield>
  <datafield tag="852" ind1=" " ind2=" ">
   <subfield code="a">INST</subfield>
   <subfield code="b">UNIPILB</subfield>
   <subfield code="c">SERIALS</subfield>
   <subfield code="e">20120217</subfield>
   <subfield code="h">Αλφαβητική σειρά</subfield>
   <subfield code="p">74552</subfield>
   <subfield code="q">74552</subfield>
   <subfield code="t">NOLOAN</subfield>
   <subfield code="v">vol.IEEE AWARDS:(Έτος)2005</subfield>
   <subfield code="y">23</subfield>
  </datafield>
  <datafield tag="852" ind1=" " ind2=" ">
   <subfield code="a">INST</subfield>
   <subfield code="b">UNIPILB</subfield>
   <subfield code="c">SERIALS</subfield>
   <subfield code="e">20120217</subfield>
   <subfield code="h">Αλφαβητική σειρά</subfield>
   <subfield code="p">74553</subfield>
   <subfield code="q">74553</subfield>
   <subfield code="t">NOLOAN</subfield>
   <subfield code="v">vol.IEEE AWARDS:(Έτος)2004</subfield>
   <subfield code="y">23</subfield>
  </datafield>
  <datafield tag="852" ind1=" " ind2=" ">
   <subfield code="a">INST</subfield>
   <subfield code="b">UNIPILB</subfield>
   <subfield code="c">SERIALS</subfield>
   <subfield code="e">20160113</subfield>
   <subfield code="h">Αλφαβητική σειρά</subfield>
   <subfield code="p">87176</subfield>
   <subfield code="q">87176</subfield>
   <subfield code="t">NOLOAN</subfield>
   <subfield code="v">vol.46;no.3:(Μήνας)March;(Έτος)2009</subfield>
   <subfield code="y">23</subfield>
  </datafield>
  <datafield tag="852" ind1=" " ind2=" ">
   <subfield code="a">INST</subfield>
   <subfield code="b">UNIPILB</subfield>
   <subfield code="c">SERIALS</subfield>
   <subfield code="e">20160113</subfield>
   <subfield code="h">Αλφαβητική σειρά</subfield>
   <subfield code="p">87177</subfield>
   <subfield code="q">87177</subfield>
   <subfield code="t">NOLOAN</subfield>
   <subfield code="v">vol.46;no.4:(Μήνας)April;(Έτος)2009</subfield>
   <subfield code="y">23</subfield>
  </datafield>
  <datafield tag="852" ind1=" " ind2=" ">
   <subfield code="a">INST</subfield>
   <subfield code="b">UNIPILB</subfield>
   <subfield code="c">SERIALS</subfield>
   <subfield code="e">20160113</subfield>
   <subfield code="h">Αλφαβητική σειρά</subfield>
   <subfield code="p">87178</subfield>
   <subfield code="q">87178</subfield>
   <subfield code="t">NOLOAN</subfield>
   <subfield code="v">vol.47;no.5:(Μήνας)May;(Έτος)2010</subfield>
   <subfield code="y">23</subfield>
  </datafield>
  <datafield tag="852" ind1=" " ind2=" ">
   <subfield code="a">INST</subfield>
   <subfield code="b">UNIPILB</subfield>
   <subfield code="c">SERIALS</subfield>
   <subfield code="e">20160113</subfield>
   <subfield code="h">Αλφαβητική σειρά</subfield>
   <subfield code="p">87179</subfield>
   <subfield code="q">87179</subfield>
   <subfield code="t">NOLOAN</subfield>
   <subfield code="v">vol.47;no.9:(Μήνας)September;(Έτος)2010</subfield>
   <subfield code="y">23</subfield>
  </datafield>
  <datafield tag="852" ind1=" " ind2=" ">
   <subfield code="a">INST</subfield>
   <subfield code="b">UNIPILB</subfield>
   <subfield code="c">SERIALS</subfield>
   <subfield code="e">20160115</subfield>
   <subfield code="h">Αλφαβητική σειρά</subfield>
   <subfield code="p">87300</subfield>
   <subfield code="q">87300</subfield>
   <subfield code="t">NOLOAN</subfield>
   <subfield code="v">vol.46;no.9:(Μήνας)September;(Έτος)2009</subfield>
   <subfield code="y">23</subfield>
  </datafield>
  <datafield tag="852" ind1=" " ind2=" ">
   <subfield code="a">INST</subfield>
   <subfield code="b">UNIPILB</subfield>
   <subfield code="c">SERIALS</subfield>
   <subfield code="e">20160115</subfield>
   <subfield code="h">Αλφαβητική σειρά</subfield>
   <subfield code="p">87301</subfield>
   <subfield code="q">87301</subfield>
   <subfield code="t">NOLOAN</subfield>
   <subfield code="v">vol.46;no.11:(Μήνας)November;(Έτος)2009</subfield>
   <subfield code="y">23</subfield>
  </datafield>
  <datafield tag="852" ind1=" " ind2=" ">
   <subfield code="a">INST</subfield>
   <subfield code="b">UNIPILB</subfield>
   <subfield code="c">SERIALS</subfield>
   <subfield code="e">20160115</subfield>
   <subfield code="h">Αλφαβητική σειρά</subfield>
   <subfield code="p">87302</subfield>
   <subfield code="q">87302</subfield>
   <subfield code="t">NOLOAN</subfield>
   <subfield code="v">vol.47;no.1:(Μήνας)January;(Έτος)2010</subfield>
   <subfield code="y">23</subfield>
  </datafield>
  <datafield tag="852" ind1=" " ind2=" ">
   <subfield code="a">INST</subfield>
   <subfield code="b">UNIPILB</subfield>
   <subfield code="c">SERIALS</subfield>
   <subfield code="e">20160115</subfield>
   <subfield code="h">Αλφαβητική σειρά</subfield>
   <subfield code="p">87303</subfield>
   <subfield code="q">87303</subfield>
   <subfield code="t">NOLOAN</subfield>
   <subfield code="v">vol.47;no.3:(Μήνας)March;(Έτος)2010</subfield>
   <subfield code="y">23</subfield>
  </datafield>
  <datafield tag="852" ind1=" " ind2=" ">
   <subfield code="a">INST</subfield>
   <subfield code="b">UNIPILB</subfield>
   <subfield code="c">SERIALS</subfield>
   <subfield code="e">20160115</subfield>
   <subfield code="h">Αλφαβητική σειρά</subfield>
   <subfield code="p">87304</subfield>
   <subfield code="q">87304</subfield>
   <subfield code="t">NOLOAN</subfield>
   <subfield code="v">vol.47;no.4:(Μήνας)April;(Έτος)2010</subfield>
   <subfield code="y">23</subfield>
  </datafield>
  <datafield tag="852" ind1=" " ind2=" ">
   <subfield code="a">INST</subfield>
   <subfield code="b">UNIPILB</subfield>
   <subfield code="c">SERIALS</subfield>
   <subfield code="e">20160115</subfield>
   <subfield code="h">Αλφαβητική σειρά</subfield>
   <subfield code="p">87305</subfield>
   <subfield code="q">87305</subfield>
   <subfield code="t">NOLOAN</subfield>
   <subfield code="v">vol.47;no.6:(Μήνας)June;(Έτος)2010</subfield>
   <subfield code="y">23</subfield>
  </datafield>
  <datafield tag="852" ind1=" " ind2=" ">
   <subfield code="a">INST</subfield>
   <subfield code="b">UNIPILB</subfield>
   <subfield code="c">SERIALS</subfield>
   <subfield code="e">20160115</subfield>
   <subfield code="h">Αλφαβητική σειρά</subfield>
   <subfield code="p">87306</subfield>
   <subfield code="q">87306</subfield>
   <subfield code="t">NOLOAN</subfield>
   <subfield code="v">vol.47;no.7:(Μήνας)July;(Έτος)2010</subfield>
   <subfield code="y">23</subfield>
  </datafield>
  <datafield tag="852" ind1=" " ind2=" ">
   <subfield code="a">INST</subfield>
   <subfield code="b">UNIPILB</subfield>
   <subfield code="c">SERIALS</subfield>
   <subfield code="e">20160115</subfield>
   <subfield code="h">Αλφαβητική σειρά</subfield>
   <subfield code="p">87307</subfield>
   <subfield code="q">87307</subfield>
   <subfield code="t">NOLOAN</subfield>
   <subfield code="v">vol.47;no.8:(Μήνας)August;(Έτος)2010</subfield>
   <subfield code="y">23</subfield>
  </datafield>
  <datafield tag="852" ind1=" " ind2=" ">
   <subfield code="a">INST</subfield>
   <subfield code="b">UNIPILB</subfield>
   <subfield code="c">SERIALS</subfield>
   <subfield code="e">20160115</subfield>
   <subfield code="h">Αλφαβητική σειρά</subfield>
   <subfield code="p">87308</subfield>
   <subfield code="q">87308</subfield>
   <subfield code="t">NOLOAN</subfield>
   <subfield code="v">vol.47;no.10:(Μήνας)October;(Έτος)2010</subfield>
   <subfield code="y">23</subfield>
  </datafield>
  <datafield tag="856" ind1="4" ind2="1">
   <subfield code="u">http://www.spectrum.ieee.org/magazineindex</subfield>
  </datafield>
  <datafield tag="900" ind1=" " ind2=" ">
   <subfield code="a">Vol. 47 no. 11 (November 2010)</subfield>
   <subfield code="b">Οφειλόμενο</subfield>
   <subfield code="c">13/06/2017</subfield>
  </datafield>
  <datafield tag="900" ind1=" " ind2=" ">
   <subfield code="a">Vol. 44 no. 12 (December 2007)</subfield>
   <subfield code="b">Οφειλόμενο</subfield>
   <subfield code="c">29/06/2012</subfield>
  </datafield>
  <datafield tag="900" ind1=" " ind2=" ">
   <subfield code="a">Vol. 45 no. 7 (July 2008)</subfield>
   <subfield code="b">Οφειλόμενο</subfield>
   <subfield code="c">17/02/2012</subfield>
  </datafield>
  <datafield tag="900" ind1=" " ind2=" ">
   <subfield code="a">Vol. 45 no. 8 (August 2008)</subfield>
   <subfield code="b">Οφειλόμενο</subfield>
   <subfield code="c">17/02/2012</subfield>
  </datafield>
  <datafield tag="900" ind1=" " ind2=" ">
   <subfield code="a">Vol. 45 no. 9 (September 2008)</subfield>
   <subfield code="b">Οφειλόμενο</subfield>
   <subfield code="c">17/02/2012</subfield>
  </datafield>
  <datafield tag="900" ind1=" " ind2=" ">
   <subfield code="a">Vol. 45 no. 10 (October 2008)</subfield>
   <subfield code="b">Οφειλόμενο</subfield>
   <subfield code="c">17/02/2012</subfield>
  </datafield>
  <datafield tag="900" ind1=" " ind2=" ">
   <subfield code="a">Vol. 45 no. 11 (November 2008)</subfield>
   <subfield code="b">Οφειλόμενο</subfield>
   <subfield code="c">17/02/2012</subfield>
  </datafield>
  <datafield tag="900" ind1=" " ind2=" ">
   <subfield code="a">Vol. 45 no. 12 (December 2008)</subfield>
   <subfield code="b">Οφειλόμενο</subfield>
   <subfield code="c">13/06/2017</subfield>
  </datafield>
  <datafield tag="900" ind1=" " ind2=" ">
   <subfield code="a">Vol. 46 no. 1 (January 2009)</subfield>
   <subfield code="b">Οφειλόμενο</subfield>
   <subfield code="c">13/06/2017</subfield>
  </datafield>
  <datafield tag="900" ind1=" " ind2=" ">
   <subfield code="a">Vol. 46 no. 2 (February 2009)</subfield>
   <subfield code="b">Οφειλόμενο</subfield>
   <subfield code="c">13/06/2017</subfield>
  </datafield>
  <datafield tag="900" ind1=" " ind2=" ">
   <subfield code="a">Vol. 46 no. 5 (May 2009)</subfield>
   <subfield code="b">Οφειλόμενο</subfield>
   <subfield code="c">13/06/2017</subfield>
  </datafield>
  <datafield tag="900" ind1=" " ind2=" ">
   <subfield code="a">Vol. 46 no. 6 (June 2009)</subfield>
   <subfield code="b">Οφειλόμενο</subfield>
   <subfield code="c">13/06/2017</subfield>
  </datafield>
  <datafield tag="900" ind1=" " ind2=" ">
   <subfield code="a">Vol. 46 no. 7 (July 2009)</subfield>
   <subfield code="b">Οφειλόμενο</subfield>
   <subfield code="c">13/06/2017</subfield>
  </datafield>
  <datafield tag="900" ind1=" " ind2=" ">
   <subfield code="a">Vol. 46 no. 8 (August 2009)</subfield>
   <subfield code="b">Οφειλόμενο</subfield>
   <subfield code="c">13/06/2017</subfield>
  </datafield>
  <datafield tag="900" ind1=" " ind2=" ">
   <subfield code="a">Vol. 46 no. 10 (October 2009)</subfield>
   <subfield code="b">Οφειλόμενο</subfield>
   <subfield code="c">13/06/2017</subfield>
  </datafield>
  <datafield tag="900" ind1=" " ind2=" ">
   <subfield code="a">Vol. 46 no. 12 (December 2009)</subfield>
   <subfield code="b">Οφειλόμενο</subfield>
   <subfield code="c">13/06/2017</subfield>
  </datafield>
  <datafield tag="900" ind1=" " ind2=" ">
   <subfield code="a">Vol. 47 no. 2 (February 2010)</subfield>
   <subfield code="b">Οφειλόμενο</subfield>
   <subfield code="c">13/06/2017</subfield>
  </datafield>
  <datafield tag="950" ind1=" " ind2=" ">
   <subfield code="a">01/01/1998</subfield>
   <subfield code="c">ΔΩΡΕΑ ΠΕΡΙΟΔΙΚΩΝ</subfield>
   <subfield code="d">771</subfield>
  </datafield>
  <datafield tag="951" ind1=" " ind2=" ">
   <subfield code="a">(2005 IEEE AWARDS)</subfield>
   <subfield code="b">Supplements</subfield>
  </datafield>
  <datafield tag="951" ind1=" " ind2=" ">
   <subfield code="a">(Vol. 35 no. 1 (January 1998) - Vol. 43 no. 12 (December 2006)</subfield>
   <subfield code="b">Main run</subfield>
  </datafield>
  <datafield tag="951" ind1=" " ind2=" ">
   <subfield code="a">(Vol. 44 no. 1 (January 2007) - Vol. 44 no. 2 (February 2007)</subfield>
   <subfield code="b">Main run</subfield>
  </datafield>
  <datafield tag="951" ind1=" " ind2=" ">
   <subfield code="a">Vol. 44 no. 3 (March 2007) - Vol. 44 no. 11 (November 2007)</subfield>
   <subfield code="b">Main run</subfield>
  </datafield>
  <datafield tag="951" ind1=" " ind2=" ">
   <subfield code="a">Vol. 45 no. 1 (January 2008) - Vol. 45 no. 6 (June 2008)</subfield>
   <subfield code="b">Main run</subfield>
  </datafield>
  <datafield tag="951" ind1=" " ind2=" ">
   <subfield code="a">Vol. 46 no. 3 (March 2009) - Vol. 46 no. 4 (April 2009)</subfield>
   <subfield code="b">Main run</subfield>
  </datafield>
  <datafield tag="951" ind1=" " ind2=" ">
   <subfield code="a">Vol. 46 no. 9 (September 2009)</subfield>
   <subfield code="b">Main run</subfield>
  </datafield>
  <datafield tag="951" ind1=" " ind2=" ">
   <subfield code="a">Vol. 46 no. 11 (November 2009)</subfield>
   <subfield code="b">Main run</subfield>
  </datafield>
  <datafield tag="951" ind1=" " ind2=" ">
   <subfield code="a">Vol. 47 no. 1 (January 2010)</subfield>
   <subfield code="b">Main run</subfield>
  </datafield>
  <datafield tag="951" ind1=" " ind2=" ">
   <subfield code="a">Vol. 47 no. 3 (March 2010) - Vol. 47 no. 10 (October 2010)</subfield>
   <subfield code="b">Main run</subfield>
  </datafield>
  <datafield tag="951" ind1=" " ind2=" ">
   <subfield code="a">(2004 IEEE AWARDS)</subfield>
   <subfield code="b">Supplements</subfield>
  </datafield>
  <datafield tag="952" ind1=" " ind2=" ">
   <subfield code="a">36(3, 10)1999, 43(4)2006, 44(12)2007</subfield>
  </datafield>
 </record>
</collection>
